Normal view MARC view

Entry Término temático

Number of records used in: 0

001 - NÚMERO DE CONTROL

  • campo de control: 206102

003 - IDENTIFICADOR DE NÚMERO DE CONTROL

  • campo de control: mxcmmo

005 - FECHA Y HORA DE LA ÚLTIMA TRANSACCIÓN

  • campo de control: 20250610114859.0

008 - ELEMENTOS DE DATO DE LONGITUD-FIJA

  • campo de control de longitud fija: 250610|| aca||babn | a|a d

040 ## - FUENTE DE CATALOGACIÓN

  • Centro catalogador/agencia de origen: mxcmmo
  • Lengua de catalogación: spa
  • Centro/agencia transcriptor: mxcmmo
  • Normas de descripción: rda

150 1# - ENCABEZAMIENTO--TÉRMINO DE MATERIA

  • Término de materia o nombre geográfico como elemento de entrada: Tradición oral
  • Subdivisión geográfica: Cuba
  • Subdivisión geográfica: Cabaiguán